El arte precolombino de América del Norte

Guardat en:
Dades bibliogràfiques
Autor principal: Cid Priego, Carlos (Autor)
Format: Llibre
Idioma:espanyol
Publicat: Barcelona Asociación Cultural Iberoamericana 1954
Matèries:
Etiquetes: Afegir etiqueta
Sense etiquetes, Sigues el primer a etiquetar aquest registre!

MARC

LEADER 00000nam a2200000 a 4500
001 UCO2738
003 CL-VaPUC
008 000608e19540000SP |||||||||||||||||spa|d
082 0 4 |a 970.01  |b CID  |2 21 
100 0 |a Cid Priego, Carlos  |e author  |9 446322 
245 1 3 |a El arte precolombino de América del Norte 
300 |a 78 p 
942 |c BK 
945 |d 20000608 00:00:00  |a rherrera 
260 |a Barcelona  |b Asociación Cultural Iberoamericana  |c 1954 
650 0 |a Historia de América  |9 266076 
650 0 |a Arte precolombino  |9 330955 
650 0 |a Arte rupestre  |9 349639 
651 7 |a AMERICA DEL NORTE  |2 CL-VaPUC  |9 311278 
583 |a last modification  |c 20000608 00:00:00  |k Rodrigo Vera 
999 |c 289236  |d 289234 
952 |0 0  |1 0  |4 0  |6 970_010000000000000_CID_1954  |7 0  |8 A  |9 337472  |a BIBHIS  |b BIBHIS  |d 2019-11-20  |i 1286544  |o 970.01 CID 1954  |p 1286544  |r 2025-01-20  |w 2019-11-20  |y BK  |k HIS